000 00892nam a2200241 i 4500
001 146197
003 ES-MaACL
005 20230906201440.0
007 t|
008 070904s1972 sp ||||1| spa d
080 _a543.54
100 1 _aTranchant, Jean.
_9111223
245 1 0 _aManual práctico de cromatografía en fase gaseosa /
_cpublicado bajo la dirección de Jean Tranchant ; prefacio P. Chovin ; versión Mª del Carmen de la Torre Boronat y Abel Mariné Font ; supervisión Francisco Moreno Martín.
250 _a1ª ed.
260 _aBarcelona :
_bToray Masson,
_c1972.
300 _aXII, 348 p. :
_bil. ;
_c25 cm.
650 4 _aCromatografía.
_9154435
700 1 _aChovin, P.
_938634
700 1 _aTorre Boronat, María del Carmen de la.
_9110769
700 1 _aMariné Font, Abel.
_976837
700 1 _aMoreno Martín, Francisco.
_983400
852 4 _aES-MaACL
_jC-42692
999 _c146197
_d146197